[Event "ARG-ch sf U2300 Villa Maria"]
[Site "Villa Maria"]
[Date "2017.02.19"]
[Round "5.5"]
[White "Giobellina, Francisco"]
[Black "Kiessling, Christopher"]
[Result "0-1"]
[WhiteElo "1443"]
[BlackElo "1783"]
[PlyCount "60"]
[EventDate "2017.02.18"]
[EventType "swiss"]
[EventRounds "6"]
[EventCountry "ARG"]
[SourceTitle "EXT 2024"]
[Source "ChessBase"]
[SourceDate "2023.10.10"]
[SourceVersion "1"]
[SourceVersionDate "2023.10.10"]
[SourceQuality "1"]

1. d4 Nf6 2. c4 g6 3. Nc3 Bg7 4. e4 d6 5. Be2 0-0 6. Nf3 e5 7. d5 a5 8. Be3 Ng4 9. Qd2 Nxe3 10. Qxe3 Na6 11. a3 Nc5 12. 0-0 a4 13. Ne1 Bd7 14. Nd3 Nb3 15. Rae1 Qh4 16. Rd1 Bh6 17. Qg3 Qe7 18. Nb4 Kh8 19. Nc2 f5 20. f3 Bf4 21. Qe1 Qg5 22. Bd3 h5 23. Kh1 h4 24. Qe2 Rf7 25. Qf2 Rh7 26. h3 Nc5 27. Ne2 Bg3 28. Nxg3 hxg3 29. Qe3 f4 30. Qe2 Bxh3 0-1